| 000 | 00678nam a2200217 a 4500 | ||
|---|---|---|---|
| 999 |
_c3163 _d3163 |
||
| 001 | 3163 | ||
| 003 | BD-JhCC | ||
| 005 | 20171122170103.0 | ||
| 008 | 171111s1971 bg |||| |||| 000 0 ben d | ||
| 035 | _a(BD-JhCC)3163 | ||
| 040 |
_aBD-JhCC _dBD-JhCC |
||
| 041 | _aben | ||
| 082 |
_a810 _bANT 1971 |
||
| 245 |
_aঅন্তরোঙ্গ আলোকে আমেরিকার সৃজনশীল সাহিত্য / _cওসমান গনি [অনু.] |
||
| 260 |
_aঢাকা : _bবুক ভিলা, _c1971. |
||
| 300 |
_a328 p. : _c21 cm. |
||
| 650 | _aAmerican Literature | ||
| 700 | _aগনি, ওসমান | ||
| 942 |
_2ddc _cBK |
||